00681nam a22002177a 4500003000500000005001700005008004100022010001000063011001000073035001000083040000900093082002000102100003400122245003300156260008000189300002000269490006400289500002000353650002600373830006400399CHAP20220329140724.0971013s1963 r 00010 d a56547 a57519 a61674 cCHAP a332.71bZ5 196300aZimmermann Monteagudo, Jorge. aCrédito agrícola general aMéxico, D.F. :bInstituto Interamericano de Ciencias Agrícolas,c(1963) a285 h.b: ilus. aCurso Internacional de Crédito Agrícola. México, 1963 ac.28-31 en 2 v.14aCrédito agrícola.0 aCurso Internacional de Crédito Agrícola. México, 1963